| 000 | 00701nam a22002417a 4500 | ||
|---|---|---|---|
| 999 |
_c195879 _d195879 |
||
| 003 | OSt | ||
| 020 | _a9788171641512 | ||
| 082 |
_a630 _bIND/AG |
||
| 245 |
_aAgricultural technologies commercialized: _bhorticulture V.1 |
||
| 260 |
_aNew Delhi _bIndian Council of Agricultural Research _c2014 |
||
| 300 | _axii, 148p. | ||
| 440 | _aAgricultural technologies | ||
| 500 | _aAgricultural technologies horticulture | ||
| 546 | _aEnglish | ||
| 650 | _aWalnut varieties | ||
| 650 | _aAjmer dill | ||
| 650 | _aCrop production and propagation technologies | ||
| 650 | _aCrop protection technologies | ||
| 650 | _aBrinjal varieties | ||
| 650 | _aWatermelon | ||
| 700 | _aICAR | ||
| 942 |
_2ddc _cBK |
||